[Event "Battle of Senta op 24th"]
[Site "Senta"]
[Date "2020.07.12"]
[Round "2"]
[White "Albers, Sasa"]
[Black "Dimitrijevic, Dusan"]
[Result "0-1"]
[WhiteElo "2120"]
[BlackElo "2090"]
[PlyCount "46"]
[EventDate "2020.07.11"]
[EventType "swiss"]
[EventRounds "9"]
[EventCountry "SRB"]
[SourceTitle "CBM 197 Extra"]
[Source "ChessBase"]
[SourceDate "2020.09.30"]
[SourceVersion "1"]
[SourceVersionDate "2020.09.30"]
[SourceQuality "1"]

1. e4 c5 2. Nf3 g6 3. c3 Bg7 4. d4 cxd4 5. cxd4 d5 6. e5 Nc6 7. Bb5 Bg4 8. Bxc6+ bxc6 9. Nbd2 f6 10. Qa4 Qb6 11. 0-0 Qb5 12. Qc2 Rc8 13. h3 Bf5 14. Qd1 Nh6 15. Re1 0-0 16. Nb3 Be4 17. exf6 exf6 18. Nc5 Rce8 19. Nd2 Bc2 20. Qxc2 Rxe1+ 21. Kh2 Nf5 22. Nf3 Re2 23. a4 Qb8+ 0-1